[Event "Liberec Region-chT 2223"]
[Site "Czech Republic"]
[Date "2023.01.29"]
[Round "7.4"]
[White "Dolensky, Milan"]
[Black "Blazek, Matej"]
[Result "1/2-1/2"]
[WhiteElo "2072"]
[BlackElo "1925"]
[PlyCount "43"]
[EventDate "2022.10.09"]
[EventType "team-tourn"]
[EventRounds "11"]
[EventCountry "CZE"]
[SourceTitle "EXT 2024"]
[Source "ChessBase"]
[SourceDate "2023.10.10"]
[SourceVersion "1"]
[SourceVersionDate "2023.10.10"]
[SourceQuality "1"]

1. e4 c6 2. d4 d5 3. e5 c5 4. dxc5 e6 5. Be3 Qc7 6. Nf3 Ne7 7. Bd4 Nf5 8. Bb5+ Bd7 9. Bxd7+ Nxd7 10. b4 a5 11. c3 axb4 12. cxb4 b6 13. 0-0 bxc5 14. bxc5 Bxc5 15. Bxc5 Qxc5 16. Nbd2 0-0 17. Nb3 Qb4 18. Qe2 Nb6 19. Ne1 Nd4 20. Nxd4 Qxd4 21. Nf3 Qa4 22. Rfc1 1/2-1/2

[Event "CZE-chT2C 2223"]
[Site "Czech Republic"]
[Date "2023.01.22"]
[Round "7.8"]
[White "Topencik, Bruno"]
[Black "Dolensky, Milan"]
[Result "1-0"]
[WhiteElo "1821"]
[BlackElo "2072"]
[PlyCount "53"]
[EventDate "2022.10.16"]
[EventType "team-tourn"]
[EventRounds "11"]
[EventCountry "CZE"]
[SourceTitle "EXT 2024"]
[Source "ChessBase"]
[SourceDate "2023.10.10"]
[SourceVersion "1"]
[SourceVersionDate "2023.10.10"]
[SourceQuality "1"]
[WhiteTeam "Lysa nad Labem"]
[BlackTeam "Jicin"]
[WhiteTeamCountry "CZE"]
[BlackTeamCountry "CZE"]

1. e4 d6 2. d4 Nf6 3. Nc3 Nbd7 4. Nf3 e5 5. Bc4 Be7 6. 0-0 h6 7. Qe2 c6 8. dxe5 dxe5 9. Nh4 b5 10. Bb3 Nc5 11. Rd1 Qc7 12. Be3 a5 13. a3 Bg4 14. f3 Nxb3 15. cxb3 Be6 16. Nf5 Bxb3 17. Nxb5 Qb8 18. Nbd6+ Kf8 19. Rd2 Bxd6 20. Rxd6 Ba4 21. Qd2 Ne8 22. Rxh6 Rxh6 23. Bxh6 Qd8 24. Bxg7+ Nxg7 25. Qh6 Qb6+ 26. Kh1 Rd8 27. Qh8# 1-0

[Event "Liberec Region-chT 2223"]
[Site "Czech Republic"]
[Date "2022.10.30"]
[Round "2.4"]
[White "Hofman, Krystof"]
[Black "Dolensky, Milan"]
[Result "1/2-1/2"]
[WhiteElo "1966"]
[BlackElo "2104"]
[PlyCount "46"]
[EventDate "2022.10.09"]
[EventType "team-tourn"]
[EventRounds "11"]
[EventCountry "CZE"]
[SourceTitle "EXT 2024"]
[Source "ChessBase"]
[SourceDate "2023.10.10"]
[SourceVersion "1"]
[SourceVersionDate "2023.10.10"]
[SourceQuality "1"]

1. Nf3 Nf6 2. g3 e6 3. Bg2 b6 4. d3 Bb7 5. e4 d5 6. exd5 Nxd5 7. 0-0 Be7 8. Bd2 0-0 9. Nc3 c5 10. Rb1 Nc6 11. a3 a6 12. Nxd5 exd5 13. b4 b5 14. c4 dxc4 15. dxc4 cxb4 16. cxb5 axb5 17. axb4 Bf6 18. Qe2 Nd4 19. Nxd4 Bxg2 20. Kxg2 Qxd4 21. Be3 Qe4+ 22. Qf3 Rfe8 23. Rfc1 h6 1/2-1/2

[Event "Liberec Region-chT 2223"]
[Site "Czech Republic"]
[Date "2022.10.09"]
[Round "1.3"]
[White "Zima, Jan"]
[Black "Dolensky, Milan"]
[Result "1-0"]
[WhiteElo "2128"]
[BlackElo "2104"]
[PlyCount "53"]
[EventDate "2022.10.09"]
[EventType "team-tourn"]
[EventRounds "11"]
[EventCountry "CZE"]
[SourceTitle "EXT 2024"]
[Source "ChessBase"]
[SourceDate "2023.10.10"]
[SourceVersion "1"]
[SourceVersionDate "2023.10.10"]
[SourceQuality "1"]

1. e4 d6 2. d4 Nf6 3. Nc3 Nbd7 4. Nge2 e5 5. f3 Be7 6. Be3 c6 7. g4 exd4 8. Nxd4 Ne5 9. Be2 h6 10. Rg1 Qc7 11. f4 Ng6 12. Nf5 Rg8 13. Qd2 Bxf5 14. gxf5 Nf8 15. Bf3 N8d7 16. 0-0-0 Nb6 17. e5 Nc4 18. Qe2 Nxe3 19. Qxe3 dxe5 20. fxe5 Nd7 21. e6 Ne5 22. Bh5 Kf8 23. Bxf7 Rh8 24. Ne4 b6 25. Qg3 Rh7 26. Rd7 Qb8 27. f6 1-0

[Event "CZE-chT2D 1415"]
[Site "Czech Republic"]
[Date "2014.12.14"]
[Round "4.6"]
[White "Svanda, Ondrej"]
[Black "Dolensky, Milan"]
[Result "0-1"]
[WhiteElo "1833"]
[BlackElo "2041"]
[PlyCount "41"]
[EventDate "2014.11.02"]
[EventType "team-tourn"]
[EventRounds "11"]
[EventCountry "CZE"]
[SourceTitle "EXT 2022"]
[Source "ChessBase"]
[SourceDate "2021.10.06"]
[SourceVersion "1"]
[SourceVersionDate "2021.10.06"]
[SourceQuality "1"]
[WhiteTeam "Policka Stefanydes II"]
[BlackTeam "Jicin II"]
[WhiteTeamCountry "CZE"]
[BlackTeamCountry "CZE"]

1. e4 c5 2. Nc3 a6 3. g3 e6 4. Bg2 Qc7 5. d3 d6 6. Be3 Nf6 7. h3 Be7 8. f4 Nc6 9. Nf3 d5 10. exd5 exd5 11. d4 0-0 12. 0-0 Rd8 13. Kh2 Ne4 14. Ne5 Bf5 15. Nxc6 bxc6 16. Qe2 Bf6 17. Bxe4 dxe4 18. dxc5 Qa5 19. Qc4 Be6 20. Qa4 Bxc3 21. bxc3 0-1

[Event "CZE-chT2C 0910"]
[Site "Czech Republic"]
[Date "2009.10.18"]
[Round "1.4"]
[White "Polak, Benedikt"]
[Black "Dolensky, Milan"]
[Result "1-0"]
[WhiteElo "2083"]
[BlackElo "2047"]
[PlyCount "45"]
[EventDate "2009.10.18"]
[EventType "team-tourn"]
[EventRounds "11"]
[EventCountry "CZE"]
[SourceTitle "EXT 2011"]
[Source "ChessBase"]
[SourceDate "2010.11.26"]
[SourceVersion "1"]
[SourceVersionDate "2010.11.26"]
[SourceQuality "1"]
[WhiteTeam "Liberec"]
[BlackTeam "Jicin"]
[WhiteTeamCountry "CZE"]
[BlackTeamCountry "CZE"]

1. e4 c5 2. Nf3 e6 3. d4 cxd4 4. Nxd4 Nf6 5. Nc3 Nc6 6. Be2 Bb4 7. 0-0 Bxc3 8. bxc3 Nxe4 9. Bd3 Nxc3 10. Qg4 Nd5 11. Nxc6 dxc6 12. Bb2 h5 13. Qxg7 Rf8 14. Rad1 Qc7 15. Be5 Qa5 16. Be2 Ne7 17. Bc3 Qc7 18. Bxh5 Bd7 19. Bf6 Qf4 20. Rd4 Qf5 21. Bg4 Qg6 22. Qxg6 Nxg6 23. Rfd1 1-0